Dialectologia espanola.

Bibliographic Details
Main Author: Zamora Vicente, Alonso
Format: Book
Language:Spanish
Published: Madrid : Editorial Gredos, [1970]
Edition:2. ed., muy aumentada.
Series:Biblioteca romanica hispanica. 3: Manuales
Subjects:

MARC

Tag First Indicator Second Indicator Subfields
LEADER 00000cam a2200000 4500
001 in00000208331
005 20151009054632.0
008 770421s1970 sp b b 00000 spa d
035 |a (OCoLC)02906482 
035 |9 AAW8506AM 
040 |a BUF  |c BUF  |d TXA  |d UtOrBLW 
049 |a TXAM  |c [1146289] 
090 |a PC4711  |b .Z35 1970 
100 1 |a Zamora Vicente, Alonso. 
245 1 0 |a Dialectologia espanola. 
250 |a 2. ed., muy aumentada. 
264 1 |a Madrid :  |b Editorial Gredos,  |c [1970] 
264 4 |c [©1970] 
300 |a 587 pages :  |b maps (part folded) ;  |c 20 cm. 
336 |a text  |b txt  |2 rdacontent 
337 |a unmediated  |b n  |2 rdamedia 
338 |a volume  |b nc  |2 rdacarrier 
490 0 |a Biblioteca romanica hispanica. 3: Manuales 
504 |a Bibliography: pages [455]-486. 
650 0 |a Spanish language  |x Dialects. 
999 |a MARS 
999 f f |s e6df182f-906a-31fe-86c6-96c9de452e85  |i 8680039f-6698-35a7-8689-f86c78840648  |t 0 
952 f f |p ric  |a Texas A&M University  |b Rellis Campus  |c Joint Library Facility  |s JLF  |d Remote Storage  |t 0  |e PC4711 .Z35 1970  |h Library of Congress classification  |i unmediated -- volume  |m A14803572079 
998 f f |a PC4711 .Z35 1970  |t 0  |l Remote Storage